Paseo por la Tierra /

A partir del análisis de la sociedad norteamericana y de las contradicciones que encierra el vivir entre la vanguardia tecnológica y la miseria no erradicada, el autor cuestiona el progreso y plantea que el humanismo es hoy día la actitud política y vital más revolucionaria.

Tallennettuna:
Bibliografiset tiedot
Päätekijä: Slater, Philip (autor)
Aineistotyyppi: Kirja
Kieli:espanja
Julkaistu: Barcelona, España : Kairós, 1978
Aiheet:
Tagit: Lisää tagi
Ei tageja, Lisää ensimmäinen tagi!

MARC

LEADER 00000nam^a2200000^a^4500
001 000026350
005 20250521000000.0
009 20260310084729.203
020 |a 84-7245-094-5 
037 |a Acervo ITESO - Biblioteca 
041 |a ESP 
082 |a 303. 483  |b SLA 
100 |a Slater, Philip  |e (autor) 
245 1 0 |a Paseo por la Tierra /  |c P. Slater; tr. por: Gerardo Dimasso; Silvia Tarditti. 
264 1 |a Barcelona, España :  |b Kairós,  |c 1978 
300 |a 289 p. 
336 |a texto  |b txt  |2 rdacontenido 
337 |a sin mediación  |b n  |2 rdamedio 
338 |a volumen  |b nc  |2 rdasoporte 
500 |a Traducción de: Earthwalk 
520 |a A partir del análisis de la sociedad norteamericana y de las contradicciones que encierra el vivir entre la vanguardia tecnológica y la miseria no erradicada, el autor cuestiona el progreso y plantea que el humanismo es hoy día la actitud política y vital más revolucionaria. 
649 |a XX 
650 |a Sociología 
650 |a Desarrollo Tecnológico -  |x Historia y Crítica 
910 |a Fondo General 
920 |a Impresos - Libros 
930 |a Colección General 
905 |a 101 
901 |a 0263500100  |b IT1  |c ACC  |i 026350  |u 20250521 
902 |a https://opac.biblio.iteso.mx/vufind/Record/000026350